| 000 | 00000nam##2200000za#4500 |
| 001 | 9.619195 |
| 003 | CaOODSP |
| 005 | 20210615103324 |
| 007 | ta |
| 008 | 150406|2008||||xxc||||| f|0| 0 eng|d |
| 022 | |a0706-6473 |
| 040 | |aCaOODSP|beng |
| 043 | |an-cn--- |
| 086 | 1 |aFs97-4/2805E |
| 110 | 1 |aCanada. |bDepartment of Fisheries and Oceans. |
| 245 | 10|aHecate Strait groundfish bottom trawl survey, May 25th to June 29th, 2005 / |cby G.D. Workman, K.L. Rutherford, and N. Olsen. |
| 260 | |aNanaimo - British Columbia : |bFisheries and Oceans Canada |c2008. |
| 300 | |avi, 53p. : |bgraphs, maps, references, tables, photographs ; |c28 cm. |
| 490 | 1 |aCanadian manuscript report of fisheries and aquatic sciences|x0706-6473|v2805 |
| 500 | |a"Fisheries and Oceans Canada Science Branch, Pacific Region Pacific Biological Station Nanaimo, British Columbia V9T 6N7". |
| 546 | |a(Résumé en français.) |
| 563 | |aSoftcover |
| 590 | |a09-05|b2009-01-30 |
| 720 | 1 |aRutherford, K. L. |
| 720 | 1 |aWorkman, G. D. |
| 720 | 1 |aOlsen, N. |
| 776 | 0#|tHecate Strait groundfish bottom trawl survey, May 25th to June 29th, 2005 / |w(CaOODSP)9.580095 |
| 830 | #0|aCanadian manuscript report of fisheries and aquatic sciences,|x0706-6473|v2805|w(CaOODSP)9.514688 |